| 000 | 00827nam a22002177a 4500 | ||
|---|---|---|---|
| 005 | 20100807100718.0 | ||
| 010 | _aENG-98740 | ||
| 020 |
_a9789380173061 _c100.00 |
||
| 035 | _aEN-82272 | ||
| 037 | _bDBAD/PUB | ||
| 082 | _a006.786 | ||
| 100 |
_aM, Rajesh Kumar _98215 |
||
| 245 |
_aJava Programming language : _cby M. Rajesh Kumar _ba hands-on guide / |
||
| 260 |
_aKoradacherry _bAruma Pathipagam _c2009 |
||
| 270 |
_a Reg. No. 48 / 2008 35 Gandhi Colony _bKoradacherry _e613703 |
||
| 300 |
_avi, 109p. _c20cm(pbk) |
||
| 650 |
_aJava script computer programming language _98216 |
||
| 650 |
_aComputer program language _98217 |
||
| 942 |
_2ddc _cEN _h006.786 _mMRA |
||
| 999 |
_c39954 _d39954 |
||